000 00450nam a2200157Ia 4500
999 _c12020
_d12020
003 OSt
005 20201005140901.0
008 190216s9999||||xx |||||||||||||| ||und||
040 _coclc
082 _a823.8
_bBLA/L
100 _aBlackmore, R D
_94960
245 0 _aLorna Doone /
_cR D Blackmore ; L AG strong
260 _bMac Millian And Com. Ltd,
_cLondon:
300 _a560p
942 _cBK
_2ddc
_h823.8
_iBLA/L
_k823.8
_mBLA/L